000 00455nam a22001697a 4500
003 MPLRDC
005 20220104113546.0
008 210129b ||||| |||| 00| 0 eng d
082 _a857.62 TLXS v.8
100 _a日本推理作家协会
245 _a日本推理小说杰作精选. 八
_c林敏生译
260 _a
_b林白出版社
_c1987
300 _b
490 _a推理小说系列. 36
650 _a推理小说
942 _cBK
_o857.62 TLXS v.8
999 _c584
_d574